000 00536nam a2200181Ia 4500
003 OSt
005 20240123101617.0
008 210210b1951 xxu||||| |||| 00| 0 eng d
040 _cAL
041 _aKannada
082 _a852/57
100 _aISHVARAN HIREMALLUR ಈಶ್ವರನ್ ಹಿರೇಮಲ್ಲೂರು
_9148804
245 _aKarnatakada Samara Bheri
_bಕರ್ನಾಟಕದ ಸಮರ ಭೇರಿ
260 _aHubballi
_b-
_c1951
690 _aKannada Prose
_9148805
906 _a018626
942 _2ddc
_cBK
999 _c142135
_d142135